| 000 | 01311cam a2200349 a 4500 | ||
|---|---|---|---|
| 001 | 2454651 | ||
| 003 | DLC | ||
| 005 | 20170427130029.0 | ||
| 008 | 890906s1990 nyua j b 001 0 eng | ||
| 010 | _a 89038621 | ||
| 020 | _a0531108902 | ||
| 040 |
_aDLC _cDLC _dDLC |
||
| 041 | _aeng | ||
| 042 | _alcac | ||
| 050 | 0 | 0 |
_aN72.S3 _bK38 1990 |
| 082 | 0 | 0 |
_a704.9/43 _220 |
| 100 | 1 |
_aKatz, Phyllis, _d1946- |
|
| 245 | 1 | 0 |
_aExploring science through art / _cby Phyllis Katz. |
| 260 |
_aNew York : _bF. Watts, _cc1990. |
||
| 300 |
_a63 p. : _bcol. ill. ; _c23 cm. |
||
| 440 | 2 | _aA First book | |
| 504 | _aIncludes bibliographical references (p. 60-61) and index. | ||
| 520 | _aDemonstrates how many forms existing in art are taken from natural phenomena and suggests art projects using simple motifs from nature. | ||
| 650 | 0 |
_aArt and science _xJuvenile literature. |
|
| 650 | 0 |
_aNature (Aesthetics) _xStudy and teaching _xJuvenile literature. |
|
| 650 | 0 |
_aArt _xStudy and teaching (Elementary) _xJuvenile literature. |
|
| 650 | 0 |
_aScience _xStudy and teaching (Elementary) _xJuvenile literature. |
|
| 650 | 1 | _aArt and science. | |
| 650 | 1 | _aNature (Aesthetics) | |
| 942 |
_2ddc _cBK |
||
| 999 |
_c17286 _d17286 |
||